| 000 | 02199nam a2200277 a 4500 | ||
|---|---|---|---|
| 001 | 0000031594 | ||
| 003 | CO-CtgCURN | ||
| 005 | 20250329165413.0 | ||
| 008 | 161103s2016 000 0 eng d | ||
| 040 |
_aCO-CtgCURN _bspa _ccoctgcurn |
||
| 082 | 0 |
_aAPH 2016 _bS274 |
|
| 100 | 1 | _aSayas Bermudez, Kevin José. | |
| 245 | 1 | 0 |
_aRiesgo biologico generado por el manejo de residuos solidos por parte del personal de servicios generales en la e.s.e hospital local cartagena de indias en el primer semestre de 2016 / _cMelissa Julieth Suarez Navarro; Oscar Alfredo Yanez Bermudez; Tairi Zarate Bermudez; Asesor Quintana Salcedo, alvaro, Mora García, Martha Angelica,. |
| 260 |
_aCartagena de Indias, D.T. : _bCorporación Universitaria "Rafael Nuñez", _c2016. |
||
| 300 | _a1 CD-Rom. | ||
| 336 | _2rdacontent | ||
| 337 |
_2rdamedia _asin mediacion _bn |
||
| 338 |
_2rdacarrier _avolumen _bnc |
||
| 502 | _aTrabajo de grado (Tecnologia en Atencion Pre Hospitalaria). Corporación Universitaria "Rafael Nuñez" Facultad de Ciencias de la Salud. Programa de Tecnologia en Atencion Pre Hospitalaria, 2016. | ||
| 520 | _aPrevenir la enfermedad en el area laboral y promover la salud del trabajador es una disciplina que viene en auge gracias al ministerio del trabajo y que centra sus objetivos en promocionar el bienestar del capital humano de las empresas. No escapan de esa influencia, las instituciones que prestan servicios de salud. Prevenir los accidentes del trabajo y las enfermedades profesionales, proveer un ambiente laboral seguro, que mejore las condiciones biologicas, fisicas, mentales y sociales del trabajador, es un derecho y debe asegurarse desde todos los medios, la seguridad y salud en el trabajo como actividad multidisciplinaria se encarga de esto. | ||
| 650 | 0 |
_aAtención prehospitalaria _xTesis y Disertaciones academicas. |
|
| 700 | 1 | _aSuarez Navarro, Melissa Julieth. | |
| 856 |
_uhttps://unicurn.sharepoint.com/:b:/s/biblioteca/ETyMcn4h3I5Pig_NnGInh2gB88kjqg5_13erJ2uz9Mbx0g?e=VAPTym _zClick aqui para ver el recurso en texto completo |
||
| 942 |
_hAPH 2016 _iS274 _2ddc _cTG |
||
| 999 |
_c2851 _d2851 |
||